Entry Nombre personal
001 - NÚMERO DE CONTROL
- campo de control: 62830
003 - IDENTIFICADOR DE NÚMERO DE CONTROL
- campo de control: SpMaBN
005 - FECHA Y HORA DE LA ÚLTIMA TRANSACCIÓN
- campo de control: 20230711195733.0
008 - ELEMENTOS DE DATO DE LONGITUD-FIJA
- campo de control de longitud fija: 920725nn ainnnaabn n aaa
016 ## - NÚMERO DE CONTROL DE UNA AGENCIA BIBLIOGRÁFICA NACIONAL
- Número de control del registro: BNE19983563962
024 7# - IDENTIFICADOR DE OTROS ESTÁNDARES
- Número estándar o código: http://viaf.org/viaf/169733164/
- Fuente: viaf
040 ## - FUENTE DE CATALOGACIÓN
- Centro catalogador/agencia de origen: SpMaBN
- Lengua de catalogación: spa
- Centro/agencia transcriptor: SpMaBN
- Normas de descripción: rdc
- Convención/Normas de encabezamiento de materia/tesauro: embne
046 ## - FECHAS CON CODIFICACIÓN ESPECIAL
- Fecha de nacimiento: 1896
- Fecha de la muerte: 1979
100 1# - ENCABEZAMIENTO-NOMBRE DE PERSONA
- Nombre de persona: Hernández, Lope,
- Fechas asociadas al nombre: 1896-1979
373 ## - GRUPO ASOCIADO
- Grupo asociado: Ateneo de Madrid
- Fuente de información: Listado de socios anteriores a 1 de abril de 1939 (Archivo del Ateneo); Ateneo de Madrid: memoria 1962-1967
670 ## - FUENTE DE DATOS ENCONTRADOS
- Cita de la fuente: Cuadros sin color, 1918
- Información encontrada: port. (Lope Hernández)
670 ## - FUENTE DE DATOS ENCONTRADOS
- Cita de la fuente: Dic. de lit. española e hispanoamericana, 1973
- Información encontrada: (Lope Hernández y Hernández; n. 26-12-1896, Salamanca; publica cuentos, narraciones y versos)
670 ## - FUENTE DE DATOS ENCONTRADOS
- Cita de la fuente: Correo electrónico de un familiar, 20-12-2007
- Información encontrada: (m. 1979, Madrid)
670 ## - FUENTE DE DATOS ENCONTRADOS
- Cita de la fuente: WWW BN España aut., 11/07/2023
- Información encontrada: (Hernández, Lope, 1896-1979)
678 ## - DATOS BIOGRÁFICOS O HISTÓRICOS
- Datos biográficos o históricos: Socio del Ateneo de Madrid n. 10918
- Ampliación de la nota: Fuentes: Listado de socios anteriores a 1 de abril de 1939 (Archivo del Ateneo); Ateneo de Madrid: memoria 1962-1967
